| 000 -ლიდერი |
| ფიქსირებული სიგრძის საკონტროლო ველი |
01559nam a2200265Ia 4500 |
| 001 - საკონტროლო ნომერი |
| საკონტროლო ველი |
21178 |
| 003 - საკონტროლო ნომრის იდენტიფიკატორი |
| საკონტროლო ველი |
GE_BSU |
| 005 - ბოლო ოპერაციის თარიღი და დრო |
| საკონტროლო ველი |
20210715164628.0 |
| 008 - ფიქსირებული სიგრძის მონაცემთა ელემენტები - ზოგადი ინფორმაცია |
| ფიქსირებული სიგრძის საკონტროლო ველი |
181216s2012||||ge |||||||||||||| ||geo|| |
| 020 ## - წიგნის საერთაშორისო სტანდარტული ნომერი |
| International Standard Book Number |
9789941050442 |
| 040 ## - კატალოგიზაციის წყარო |
| Transcribing agency |
GE_BSU |
| 041 ## - ენის კოდი |
| Language code of text/sound track or separate title |
geo |
| 080 ## - უნივერსალური ათობითი კლასიფიკაციის ინდექსი |
| Universal Decimal Classification number |
347.152(479.22) ბ-73 |
| 100 ## - მთავარი ჩანაწერი - პიროვნების სახელი |
| Personal name |
ბიჭია, მიხეილ |
| 9 (RLIN) |
8142 |
| 245 ## - ცნობა სათაურის შესახებ |
| Title |
პირადი ცხოვრების დაცვა საქართველოს სამოქალაქო სამართლის მიხედვით / |
| Statement of responsibility, etc |
მიხეილ ბიჭია ; რედ. თ. ნინიძე. |
| 264 ## - წარმოების, გამოცემის, დისტრიბუციის და სხვა ცნობები |
| გამოცემის, წარმოების, დისტრიბუციის... ადგილი |
თბილისი : |
| გამოცემის, წარმოების, დისტრიბუციის... სახელწოდება |
ბონა კაუზა, |
| გამოცემის, წარმოების, დისტრიბუციის... თარიღი |
2012. |
| 300 ## - ფიზიკური აღწერა |
| Extent |
370 გვ. ; 20 სმ. |
| 500 ## - ზოგადი შენიშვნა |
| General note |
წინამდებარე ნაშრომი განკუთვნილია პირადი ცხოვრების დაცვის პრობლემით დაინტერესებული როგორც თეორეტიკოსი, ისე პრაქტიკოსი იურისტებისათვის |
| 504 ## - BIBLIOGRAPHY, ETC. NOTE |
| Bibliography, etc |
ბიბლიოგრაფია გვ. 340-369 |
| 653 ## - INDEX TERM--UNCONTROLLED |
| Uncontrolled term |
პირადი ცხოვრების დაცვა საქართველოს სამოქალაქო სამართლის მიხედვით |
| 653 ## - INDEX TERM--UNCONTROLLED |
| Uncontrolled term |
სამართალი |
| 700 ## - ADDED ENTRY--PERSONAL NAME |
| Personal name |
ნინიძე, თ. |
| Relator term |
რედაქტორი |
| 9 (RLIN) |
12272 |
| 942 ## - ADDED ENTRY ELEMENTS (KOHA) |
| Koha item type |
წიგნი |
| Source of classification or shelving scheme |
|